The renaissance : (Record no. 10116)
[ view plain ]
| 000 -LEADER | |
|---|---|
| fixed length control field | 00581nam a22001937a 4500 |
| 003 - CONTROL NUMBER IDENTIFIER | |
| control field | OSt |
| 005 - DATE AND TIME OF LATEST TRANSACTION | |
| control field | 20151116124010.0 |
| 008 - FIXED-LENGTH DATA ELEMENTS--GENERAL INFORMATION | |
| fixed length control field | 130831t xxu||||| |||| 00| 0 eng d |
| 020 ## - INTERNATIONAL STANDARD BOOK NUMBER | |
| International Standard Book Number | 9780393096811 |
| 050 ## - LIBRARY OF CONGRESS CALL NUMBER | |
| Classification number | ML 160 |
| Item number | .St927 1950 |
| 082 ## - DEWEY DECIMAL CLASSIFICATION NUMBER | |
| Classification number | HS 780.9 |
| Item number | .St8 1965 |
| 100 ## - MAIN ENTRY--PERSONAL NAME | |
| Personal name | Strunk, W. Oliver |
| 9 (RLIN) | 16010 |
| 245 ## - TITLE STATEMENT | |
| Title | The renaissance : |
| Remainder of title | Source readings in music history |
| Statement of responsibility, etc | Oliver Strunk. |
| 260 ## - PUBLICATION, DISTRIBUTION, ETC. (IMPRINT) | |
| Place of publication, distribution, etc | New York : |
| Name of publisher, distributor, etc | Norton, |
| Date of publication, distribution, etc | c1950. |
| 300 ## - PHYSICAL DESCRIPTION | |
| Extent | xiv,175 p. : |
| Dimensions | 20 cm. |
| 650 ## - SUBJECT ADDED ENTRY--TOPICAL TERM | |
| Topical term or geographic name as entry element | Music. |
| General subdivision | History and criticism. |
| -- | Sources. |
| 9 (RLIN) | 16011 |
| 942 ## - ADDED ENTRY ELEMENTS (KOHA) | |
| Source of classification or shelving scheme | Library of Congress Classification |
| Koha item type | Books |
| Withdrawn status | Lost status | Source of classification or shelving scheme | Damaged status | Home library | Current library | Shelving location | Date acquired | Total Checkouts | Full call number | Barcode | Date last seen | Copy number | Price effective from | Koha item type |
|---|---|---|---|---|---|---|---|---|---|---|---|---|---|---|
| Library of Congress Classification | Luxembourg Library | Luxembourg Library | High School Section | 08/31/2013 | ML 160 .St927 1950 | 9765 | 08/31/2013 | 1 | 08/31/2013 | Books |